Research in Medicine : (Record no. 1410)

MARC details
000 -LEADER
fixed length control field 00969cam a2200289 a 4500
001 - CONTROL NUMBER
control field 2616984
003 - CONTROL NUMBER IDENTIFIER
control field OSt
005 - DATE AND TIME OF LATEST TRANSACTION
control field 20161110135950.0
008 - FIXED-LENGTH DATA ELEMENTS--GENERAL INFORMATION
fixed length control field 980807s1999 enka b 001 0 eng c
010 ## - LIBRARY OF CONGRESS CONTROL NUMBER
LC control number 98040501
020 ## - INTERNATIONAL STANDARD BOOK NUMBER
International Standard Book Number 0521626706
040 ## - CATALOGING SOURCE
Original cataloging agency DNLM/DLC
Transcribing agency DLC
Modifying agency DLC
050 00 - LIBRARY OF CONGRESS CALL NUMBER
Classification number R852
Item number .M87 1999
060 10 - NATIONAL LIBRARY OF MEDICINE CALL NUMBER
Classification number W 20
Item number M984r 1999
082 00 - DEWEY DECIMAL CLASSIFICATION NUMBER
Classification number W 20.5
Edition number 21
Item number M96r 1999
100 1# - MAIN ENTRY--PERSONAL NAME
Personal name Murrell, George; Huang, Christopher; Ellis, Harold
Dates associated with a name 1960-
9 (RLIN) 3721
245 10 - TITLE STATEMENT
Title Research in Medicine :
Remainder of title planning a project, writing a thesis
250 ## - EDITION STATEMENT
Edition statement 2nd ed.
260 ## - PUBLICATION, DISTRIBUTION, ETC. (IMPRINT)
Name of publisher, distributor, etc. Cambridge University Press,
Date of publication, distribution, etc. 1999.
300 ## - PHYSICAL DESCRIPTION
Extent xii, 122 p. :
Other physical details ill. ;
Dimensions 22 cm.
504 ## - BIBLIOGRAPHY, ETC. NOTE
Bibliography, etc Includes bibliographical references and index.
650 #0 - SUBJECT ADDED ENTRY--TOPICAL TERM
Topical term or geographic name as entry element Medical Research
General subdivision Research.
9 (RLIN) 3722
650 #0 - SUBJECT ADDED ENTRY--TOPICAL TERM
Topical term or geographic name as entry element Research writing
9 (RLIN) 3723
856 41 - ELECTRONIC LOCATION AND ACCESS
Materials specified Sample text
Uniform Resource Identifier http://www.loc.gov/catdir/samples/cam032/98040501.html
906 ## - LOCAL DATA ELEMENT F, LDF (RLIN)
a 7
b cbc
c orignew
d 1
e ocip
f 19
g y-gencatlg
942 ## - ADDED ENTRY ELEMENTS (KOHA)
Source of classification or shelving scheme Dewey Decimal Classification
Koha item type Short Loan
Holdings
Withdrawn status Lost status Source of classification or shelving scheme Damaged status Not for loan Home library Current library Date acquired Inventory number Total Checkouts Full call number Barcode Date last seen Price effective from Koha item type
    Dewey Decimal Classification     MUST Main Library MUST Main Library 13/04/2015 2001/15093   W 20.5 M96r 1999 2015-0909 13/04/2015 13/04/2015 Short Loan